Morfología de la organización cooperativa agraria y desarrollo rural sustentable /

محفوظ في:
التفاصيل البيبلوغرافية
المؤلف الرئيسي: Renold, Juan Mauricio
مؤلفون آخرون: Lattuada, Mario
التنسيق: نص
الوسوم: إضافة وسم
لا توجد وسوم, كن أول من يضع وسما على هذه التسجيلة!

MARC

LEADER 00000 a a2200000 04500
001 16040
003
040
100 |a Renold, Juan Mauricio  
245 |a Morfología de la organización cooperativa agraria y desarrollo rural sustentable /  |c Juan Mauricio Renold 
700 |a Lattuada, Mario  
773 |g volumen 13; páginas 109-123  
999 |c 31073  |d 31073